000 00463nam a2200157 i 4500
001 51779
003 ES-MaACL
005 20230906162432.0
007 t|
008 030819s1964 sp ||||1| spa d
100 1 _aDantec, François.
_942661
245 1 0 _aRegulación cristiana de los nacimientos /
_cFrançois Dantec.
260 _aBilbao :
_bEl Mensajero del Corazón de Jesús,
_c[1964]
300 _a165 p. ;
_c19 cm.
852 _aES-MaACL
_jC-25033
_bR.55945
999 _c51779
_d51779